Mario Tennis Aces - Personnages [avec image] - Statistiques

Statistiques générales
  • Ce quiz a été pris 30 fois
  • Le résultat moyen est 27 sur 30
Statistiques - réponses
Par images Réponse % Correct
Bowser
100%
Luigi
100%
Mario
100%
Princesse Daisy
100%
Princesse Peach
100%
Toad
100%
Waluigi
100%
Wario
100%
Yoshi
100%
Boo
93%
Diddy Kong
93%
Donkey Kong
93%
Harmonie
93%
Koopa Troopa
93%
Toadette
93%
Birdo
86%
Bowser Jr.
86%
Flora Piranha
86%
Kamek
86%
Luma
86%
Maskass
86%
Pauline
86%
Skelerex
86%
Bloups
79%
Bowser Skelet
79%
Chain Chomp
79%
Paratroopa
79%
Spike
79%
Boum Boum
64%
Pyro Piranha
64%
Aucun quiz correspondant
Distribution des résultats
% des personnes avec chaque résultat
Percentile par nombre de réponses
Votre historique - résultats
Vous n’avez pas pris ce quiz